| 000 | 00383nam a2200145Ia 4500 | ||
|---|---|---|---|
| 008 | 230901s2021 xx 000 0 und d | ||
| 041 | _aeng | ||
| 082 | _a610.7343 | ||
| 100 | _aSARAWAD SS | ||
| 245 | _aPRACTICAL RECORD CUMULATIVE RECORD BOOK FOR GENERAL NURSING AND MIDWIFERY (PB 2021) | ||
| 250 | _a1st ed | ||
| 260 |
_bCBS Pub. _c2021 |
||
| 300 | _a263 | ||
| 650 | _aCommunity | ||
| 999 |
_c871265 _d871265 |
||